[Event "Challenge"]
[Site "http://www.queenalice.com/game.php?id=642017"]
[Date "2009.8.25"]
[Round "-"]
[White "kratoshivil"]
[Black "paulofreitas"]
[Result "1-0"]
[WhiteElo "1718"]
[BlackElo "1534"]

1. b4 Nf6 2. Bb2 d5 3. e3 e6 4. a3 b5 5. Bxb5+ c6 6. Be2 c5 7. bxc5 Bxc5 8. Nf3
Nc6 9. d4 Bb6 10. O-O O-O 11. c4 dxc4 12. Bxc4 Bd7 13. Nbd2 a5 14. a4 Nb4 15.
Ne5 Nc6 16. Nxd7 Qxd7 17. Bb5 Rac8 18. Nc4 Qc7 19. Nxb6 Qxb6 20. Ba3 Rfd8 21.
Qf3 Nb4 22. Rab1 Rc3 23. Bxb4 axb4 24. Rxb4 Ra3 25. Qc6 Qa7 26. Rc4 Qe7 27. Qc5
Qxc5 28. dxc5 Nd5 29. Rd4 Rc8 30. c6 Nc3 31. c7 Nxb5 32. Rd8+ Rxd8 33. cxd8=Q#
1-0

[Event "Challenge"]
[Site "http://www.queenalice.com/game.php?id=647907"]
[Date "2009.9.5"]
[Round "-"]
[White "kratoshivil"]
[Black "barefootony"]
[Result "1-0"]
[WhiteElo "1888"]
[BlackElo "1827"]

1. b4 d5 2. Bb2 c6 3. e3 Bf5 4. c4 e6 5. Nf3 Nf6 6. a3 Be7 7. cxd5 cxd5 8. Bb5+
Nc6 9. Ne5 Qc7 10. O-O O-O 11. Nf3 a6 12. Ba4 Bd3 13. Re1 Rac8 14. Nc3 b5 15.
Bc2 Bxc2 16. Qxc2 Nb8 17. Rac1 Ne4 18. Qb1 Nxc3 19. Bxc3 Qb7 20. Qb2 f6 21. Bd4
e5 22. Bc5 Bxc5 23. bxc5 Nd7 24. d4 e4 25. Nh4 f5 26. g3 Nb8 27. Qa2 g5 28. Ng2
Qd7 29. Qe2 Nc6 30. Qh5 Qg7 31. Rb1 Na5 32. Rb4 Nc4 33. a4 Nd2 34. Rd1 Nf3+ 35.
Kf1 Qg6 36. Qxg6+ hxg6 37. axb5 axb5 38. h4 Rb8 39. hxg5 Nxg5 40. Nf4 Kg7 41.
Nxd5 Ne6 42. Nb6 Rf7 43. Rxb5 Rc7 44. Ra5 Kf7 45. Rda1 Nd8 46. Kg2 Nc6 47. Ra8
1-0

[Event "Challenge"]
[Site "http://www.queenalice.com/game.php?id=647911"]
[Date "2009.9.5"]
[Round "-"]
[White "kratoshivil"]
[Black "caprone"]
[Result "1-0"]
[WhiteElo "1733"]
[BlackElo "1776"]

1. d4 d5 2. e3 a6 3. c4 c6 4. Nf3 Nf6 5. Nc3 e6 6. Bd3 Nbd7 7. O-O Bd6 8. c5 Bc7
9. b4 b6 10. cxb6 Bxb6 11. Na4 h6 12. Nxb6 Qxb6 13. a4 Qxb4 14. Qc2 c5 15. Ba3
Qb6 16. Rfb1 Qc7 17. dxc5 Ne4 18. Bxe4 dxe4 19. Qxe4 Rb8 20. c6 Nf6 21. Qc4
Rxb1+ 22. Rxb1 Nd5 23. Qc5 Ne7 24. Rb8 O-O 25. Qxe7 Qxb8 26. Qxf8+ Kh7 27. h3
Qc7 28. Nd4 1-0

[Event "Challenge"]
[Site "http://www.queenalice.com/game.php?id=648289"]
[Date "2009.9.6"]
[Round "-"]
[White "sunking"]
[Black "kratoshivil"]
[Result "0-1"]
[WhiteElo "1803"]
[BlackElo "1735"]

1. d4 d5 2. Nc3 c6 3. e4 dxe4 4. Nxe4 e6 5. Nf3 Nf6 6. Bg5 Be7 7. Ne5 Nxe4 8.
Be3 O-O 9. f3 Qa5+ 10. c3 Nf6 11. g4 Nbd7 12. g5 Nd5 13. Bf2 Nxe5 14. dxe5 Nxc3
15. bxc3 Qxc3+ 16. Ke2 Qxe5+ 17. Be3 Bxg5 18. Kf2 Bxe3+ 19. Ke2 Bd4+ 20. Kd2
Qe3+ 21. Kc2 Qc3+ 22. Kb1 Qb2# 0-1

[Event "Challenge"]
[Site "http://www.queenalice.com/game.php?id=649586"]
[Date "2009.9.9"]
[Round "-"]
[White "manasses"]
[Black "kratoshivil"]
[Result "0-1"]
[WhiteElo "1660"]
[BlackElo "1772"]

1. d4 d5 2. c4 c6 3. Nc3 Nf6 4. Nf3 a6 5. cxd5 cxd5 6. Bg5 e6 7. e3 Be7 8. Bd3
O-O 9. O-O Nbd7 10. Rc1 b5 11. a3 Bb7 12. b4 Nb6 13. Bb1 Nc4 14. Ne5 Nxa3 15.
Qb3 Nxb1 16. Qxb1 Qd6 17. Na2 Ne4 18. Bxe7 Qxe7 19. Qb2 Nd6 20. Nc6 Bxc6 21.
Rxc6 Nc4 0-1

[Event "Challenge"]
[Site "http://www.queenalice.com/game.php?id=649588"]
[Date "2009.9.9"]
[Round "-"]
[White "kratoshivil"]
[Black "manasses"]
[Result "0-1"]
[WhiteElo "1802"]
[BlackElo "1648"]

1. c4 e5 2. Nc3 Nf6 3. e4 Bc5 4. Be2 d6 5. d3 Nc6 6. h3 O-O 7. Bg5 Be6 8. Qd2
Nd4 9. O-O-O a5 10. f4 Bb4 11. f5 Bd7 12. Kb1 b5 13. a3 Bxc3 14. bxc3 Nb3 15.
Qc2 bxc4 16. d4 Rb8 17. Ka2 Ba4 18. Bxc4 Nxd4 19. Qxa4 Nxe4 20. Bxd8 Nxc3+ 21.
Ka1 Nxa4 22. Rxd4 exd4 23. Bxc7 Rb7 24. Bxa5 Rc8 0-1

[Event "Challenge"]
[Site "http://www.queenalice.com/game.php?id=660396"]
[Date "2009.9.30"]
[Round "-"]
[White "talisman77"]
[Black "kratoshivil"]
[Result "0-1"]
[WhiteElo "1733"]
[BlackElo "1970"]

1. d4 d5 2. c4 c6 3. Nc3 e6 4. e3 Nf6 5. Nf3 a6 6. Be2 b6 7. a3 Bb7 8. O-O Nbd7
9. b4 a5 10. bxa5 bxa5 11. Qb3 Ba6 12. Qa4 Qc7 13. Qc2 c5 14. cxd5 cxd4 15. Nxd4
Bxe2 16. Ndxe2 Nxd5 17. Qe4 N7f6 18. Qd3 Bd6 19. a4 Bxh2+ 20. Kh1 Be5 21. Bb2
O-O 22. Rfc1 Nxc3 23. Nxc3 Rfd8 24. Qe2 Qb7 25. Rab1 Nd5 26. Nxd5 Qxd5 27. Bxe5
Qxe5 28. Rb5 Qe4 29. Qe1 Qxa4 30. Ra1 Qxb5 0-1

[Event "Challenge"]
[Site "http://www.queenalice.com/game.php?id=660832"]
[Date "2009.9.30"]
[Round "-"]
[White "sunking"]
[Black "kratoshivil"]
[Result "0-1"]
[WhiteElo "1796"]
[BlackElo "1954"]

1. d4 d5 2. g3 Nf6 3. Bg2 e6 4. Nf3 b5 5. Ne5 Bb7 6. Nc3 a6 7. Bg5 Be7 8. O-O
Nbd7 9. Bf4 c5 10. dxc5 Nxc5 11. b4 Ncd7 12. a3 Nh5 13. e3 Nxf4 14. gxf4 Bf6 15.
Ng4 Bxc3 16. Rb1 g6 17. Nh6 Bg7 18. Ng4 O-O 19. Ne5 Nxe5 20. fxe5 Bxe5 21. f4
Bd6 22. Qd4 Rc8 23. c3 Rc4 24. Qd3 Qb6 25. Rf3 Rfc8 26. Rc1 a5 27. bxa5 d4 28.
exd4 Bxf3 29. Bxf3 Qxa5 30. Bd1 Bxf4 31. Rc2 Qxa3 32. Bf3 b4 33. Bb7 Rxc3 34.
Qd2 Bxd2 35. Rxd2 Qc1+ 36. Kg2 Qxd2+ 0-1

[Event "Challenge"]
[Site "http://www.queenalice.com/game.php?id=663342"]
[Date "2009.10.6"]
[Round "-"]
[White "montelo"]
[Black "kratoshivil"]
[Result "0-1"]
[WhiteElo "1947"]
[BlackElo "1782"]

1. e4 d5 2. e5 d4 3. Nf3 c5 4. Bc4 e6 5. d3 Nc6 6. Bg5 Be7 7. h4 f6 8. exf6 h6
9. fxe7 Ngxe7 10. Bf4 O-O 11. Qd2 Nd5 12. Ne5 Nxf4 13. Nxc6 bxc6 14. Na3 Nxg2+
15. Kd1 Kh8 16. h5 Qf6 17. Rf1 Ne3+ 18. Ke2 Qf3+ 19. Ke1 Ng2# 0-1

[Event "Challenge"]
[Site "http://www.queenalice.com/game.php?id=663343"]
[Date "2009.10.6"]
[Round "-"]
[White "kratoshivil"]
[Black "montelo"]
[Result "1-0"]
[WhiteElo "1839"]
[BlackElo "1976"]

1. b4 Nf6 2. Bb2 c6 3. c4 Qb6 4. a3 e6 5. Bxf6 gxf6 6. c5 Qc7 7. e3 Qe5 8. d4
Qd5 9. Nc3 Qg5 10. Nh3 Qh4 11. g3 Qh6 12. Bg2 Bg7 13. Ne4 O-O 14. Nd6 Na6 15. f4
f5 16. Ng5 Qf6 17. Qd3 h6 18. Nf3 Nc7 19. Ne5 Nd5 20. e4 Ne7 21. exf5 exf5 22.
O-O-O a5 23. Nxc8 Rfxc8 24. Nxd7 Qe6 25. Nb6 axb4 26. Nxc8 Nxc8 27. Rhe1 Qa2 28.
Re8+ Bf8 29. Qxf5 Qxa3+ 30. Kd2 Qc3+ 31. Ke2 Ra2+ 32. Kf1 Ne7 33. Qg4+ Ng6 34.
h4 Qc2 35. Qe2 Qb3 36. Qd3 Qb2 37. Re2 Qxe2+ 38. Qxe2 Rxe2 39. Kxe2 Ne7 40. Be4
Bg7 41. Kd3 Nd5 42. Bxd5 cxd5 43. Rb1 Bf6 44. Rxb4 Bd8 45. Rxb7 Kf8 46. Rd7 Ke8
47. Rxd5 Ke7 48. c6 Bc7 49. Rd7+ 1-0

[Event "Challenge"]
[Site "http://www.queenalice.com/game.php?id=667270"]
[Date "2009.10.14"]
[Round "-"]
[White "piemme"]
[Black "kratoshivil"]
[Result "0-1"]
[WhiteElo "1817"]
[BlackElo "1997"]

1. d4 Nf6 2. e3 d5 3. Nf3 e6 4. Bd3 a6 5. O-O c5 6. c3 c4 7. Be2 Bd6 8. a3 b5 9.
Nbd2 O-O 10. a4 Bb7 11. axb5 axb5 12. Rxa8 Bxa8 13. b3 Nbd7 14. bxc4 bxc4 15.
Bb2 e5 16. Qa1 e4 17. Ne1 Bb7 18. Ba3 Bxa3 19. Qxa3 Qb6 20. g3 Ra8 21. Qc1 Ra2
22. h3 Qb2 23. Qxb2 Rxb2 24. Nxc4 Rxe2 25. Nd6 Ba6 26. Ng2 Rc2 27. Ra1 Nb8 28.
Rb1 Nfd7 29. Nf5 Bc4 30. Ne7+ Kf8 31. Nc8 Rxc3 32. Nb6 Rb3 33. Rxb3 Bxb3 34. Nc8
g5 35. g4 Nc6 36. Ne1 Ne7 37. Nd6 Ba4 38. Kg2 Nb6 39. Nb7 Nd7 40. Nd6 Nb6 41.
Kg3 Nc4 42. Nb7 Nc8 43. Ng2 Nd2 44. h4 h6 45. Ne1 Ke7 46. Na5 Bd1 47. Nc6+ Ke8
48. Ng2 Nf1+ 49. Kh3 Ne7 50. Nb4 f5 51. gxf5 g4# 0-1

[Event "Challenge"]
[Site "http://www.queenalice.com/game.php?id=669720"]
[Date "2009.10.20"]
[Round "-"]
[White "kratoshivil"]
[Black "Nyvang"]
[Result "1-0"]
[WhiteElo "1980"]
[BlackElo "1867"]

1. b4 d5 2. Bb2 a6 3. e3 Bf5 4. c4 Nc6 5. a3 e6 6. cxd5 exd5 7. Nf3 Qd6 8. Be2
Nh6 9. O-O Qg6 10. Nh4 Qg5 11. Nxf5 Nxf5 12. Nc3 Nh4 13. g3 O-O-O 14. f4 Qg6 15.
Bh5 Nf3+ 16. Bxf3 d4 17. Nd5 dxe3 18. Nxe3 h5 19. Nc4 h4 20. g4 Nd4 21. Bxd4
Rxd4 22. Qc1 Rxf4 23. Bxb7+ Kxb7 24. Na5+ Kc8 25. Rxf4 Bd6 26. Rc4 f5 27. Qd1 h3
28. Qf3 Kd7 29. Qxf5+ Qxf5 30. gxf5 Rh5 31. Rg4 Be5 32. Rf1 Bf6 33. Nc4 Ke7 34.
d4 Bg5 35. Rf3 Bf6 36. Ne5 Kd6 37. Rgg3 Rh4 38. Rd3 Rh5 39. Ng4 Rxf5 40. Nxf6
gxf6 41. Rxh3 1-0

[Event "Challenge"]
[Site "http://www.queenalice.com/game.php?id=674626"]
[Date "2009.10.29"]
[Round "-"]
[White "kratoshivil"]
[Black "KLEOJ"]
[Result "1/2-1/2"]
[WhiteElo "2042"]
[BlackElo "2154"]

1. c4 e5 2. e4 Nf6 3. d3 Bb4+ 4. Nc3 O-O 5. Be2 c6 6. a3 Bxc3+ 7. bxc3 d5 8.
cxd5 cxd5 9. f3 Nc6 10. Bg5 d4 11. c4 h6 12. Bh4 a6 13. Nh3 b5 14. cxb5 axb5 15.
O-O Bxh3 16. gxh3 Qd6 17. Qd2 Nh5 18. Kh1 Nf4 19. Bg3 g5 20. h4 f6 21. hxg5 fxg5
22. Bxf4 Rxf4 23. Qa2+ Kg7 24. Bd1 Ne7 25. Rg1 Ng6 26. Qb2 Rff8 27. Qxb5 Rfb8
28. Qc4 Rc8 29. Qa2 Rc3 30. a4 Rxd3 31. Rb1 Rd8 32. Qc4 Rc3 33. Rb7+ Rd7 34. Qb5
Rxb7 35. Qxb7+ Rc7 36. Qb8 Nf4 37. Bb3 Ng6 38. Qg8+ Kf6 39. h4 Nxh4 40. Qh8+ Ke7
41. Qg7+ Kd8 42. Qg8+ Ke7 43. Qf7+ Kd8 44. Qg8+ Ke7 45. Qf7+ Kd8 46. Qg8+ Ke7
47. Qf7+ 1/2-1/2

[Event "Challenge"]
[Site "http://www.queenalice.com/game.php?id=676001"]
[Date "2009.11.1"]
[Round "-"]
[White "rhsatrhs"]
[Black "kratoshivil"]
[Result "1/2-1/2"]
[WhiteElo "2132"]
[BlackElo "2070"]

1. e4 d5 2. exd5 Qxd5 3. Nc3 Qa5 4. d4 c6 5. Bc4 Nf6 6. Qe2 Bg4 7. f3 Bh5 8. Bd2
Qc7 9. g4 Bg6 10. f4 Bxc2 11. Rc1 b5 12. Bxf7+ Kxf7 13. Rxc2 Qd7 14. g5 Nd5 15.
Nf3 Qe6 16. Ne5+ Kg8 17. Rf1 Nxc3 18. bxc3 Qf5 19. Nf3 g6 20. Rb2 e6 21. Qe5
Qxe5+ 22. fxe5 Nd7 23. h4 Nb6 24. Nh2 Nc4 25. Rb1 Nxd2 26. Kxd2 Be7 27. Ng4 Kg7
28. Nf6 h6 29. Rf2 hxg5 30. hxg5 a6 31. Rbf1 Rad8 32. Ne4 Rhf8 33. Rxf8 Rxf8 34.
Rxf8 Kxf8 35. Kc2 a5 36. Nc5 Bxc5 37. dxc5 Ke7 38. Kb3 Kd7 39. c4 bxc4+ 40. Kxc4
Kc7 41. Kb3 Kb7 42. Ka4 Ka6 43. a3 Kb7 44. Kxa5 Ka7 1/2-1/2

[Event "Challenge"]
[Site "http://www.queenalice.com/game.php?id=676002"]
[Date "2009.11.1"]
[Round "-"]
[White "kratoshivil"]
[Black "rhsatrhs"]
[Result "1-0"]
[WhiteElo "2048"]
[BlackElo "2132"]

1. c4 Nf6 2. Nc3 g6 3. e4 Bg7 4. Be2 O-O 5. d3 d6 6. Be3 e5 7. h3 Be6 8. Qd2
Nbd7 9. Bh6 Ne8 10. g4 Qh4 11. Bxg7 Nxg7 12. Nf3 Qe7 13. O-O-O Nf6 14. Rdf1 a5
15. Ng5 c6 16. f4 h6 17. fxe5 Nh7 18. Nxe6 Nxe6 19. exd6 Qxd6 20. Qxh6 Nc5 21.
Rf3 a4 22. h4 a3 23. b4 Nb3+ 24. axb3 a2 25. Kb2 Qxb4 26. Ra1 Ra3 27. Bd1 b5 28.
Qf4 Kg7 29. g5 bxc4 30. dxc4 Rb8 31. Ne2 Ra7 32. Rxa2 Rd7 33. Nc3 Rb6 34. Bc2
Nf8 35. Rh3 Ne6 36. Qf6+ Kg8 37. Ra8+ Rb8 38. Rxb8+ Qxb8 39. h5 1-0

[Event "Challenge #01"]
[Site "http://www.queenalice.com/game.php?id=677532"]
[Date "2009.11.4"]
[Round "-"]
[White "Aylton"]
[Black "kratoshivil"]
[Result "0-1"]
[WhiteElo "2028"]
[BlackElo "2070"]

1. d4 Nf6 2. Nf3 d5 3. e3 e6 4. c4 c5 5. Nc3 cxd4 6. exd4 dxc4 7. Bxc4 Bb4 8.
Bd2 O-O 9. a3 Be7 10. O-O a6 11. h3 b5 12. Be2 Bb7 13. Rc1 Nbd7 14. b4 Nb6 15.
Be3 Rc8 16. Re1 Nfd5 17. Nxd5 Bxd5 18. Rxc8 Qxc8 19. Qc1 Bc4 20. Bxc4 Nxc4 21.
Nd2 Nxd2 22. Qxd2 Qd7 23. Rd1 Rd8 24. Kf1 Qd5 25. Qb2 Bf6 26. Rd2 h6 27. f3 Qc4+
28. Kf2 Bg5 29. Bxg5 hxg5 30. Ke3 f5 31. g4 f4+ 32. Kf2 Rc8 33. Re2 Rd8 34. Rd2
Kf7 35. Ke1 Rd5 36. Kf2 g6 37. Ke1 Qc8 38. Kd1 Qh8 39. Qc3 Qxh3 40. Qc7+ Kf6 41.
Rd3 Qf1+ 42. Kc2 Qf2+ 43. Kc3 Qa2 44. Qa5 Qc4+ 45. Kd2 Rxd4 46. Rxd4 Qxd4+ 47.
Kc2 Qf2+ 48. Kc1 Qxf3 49. Qxa6 Qf1+ 50. Kb2 Qe2+ 51. Kc3 f3 0-1

[Event "Challenge #02"]
[Site "http://www.queenalice.com/game.php?id=677533"]
[Date "2009.11.4"]
[Round "-"]
[White "kratoshivil"]
[Black "Aylton"]
[Result "1/2-1/2"]
[WhiteElo "2072"]
[BlackElo "2024"]

1. b4 e5 2. Bb2 f6 3. a3 a5 4. bxa5 Rxa5 5. e3 d5 6. Nf3 c5 7. c4 dxc4 8. Bxc4
b5 9. Bxg8 Rxg8 10. Bc3 b4 11. axb4 cxb4 12. Bb2 Rxa1 13. Bxa1 Nc6 14. O-O Be6
15. d4 exd4 16. Nxd4 Nxd4 17. Bxd4 Kf7 18. Qh5+ g6 19. Qxh7+ Rg7 20. Qh4 Be7 21.
Qe4 Bd5 22. Qd3 Qa8 23. f3 Rh7 24. e4 Be6 25. f4 Qc8 26. Rd1 Qc4 27. Qxc4 Bxc4
28. Rc1 Bd3 29. Nd2 Rh8 30. e5 fxe5 31. Bxe5 Rd8 32. Nf3 Bf5 33. Nd4 Bd7 34. Rc7
Be8 35. Nc6 Bxc6 36. Rxc6 Rd5 37. Kf1 Rb5 38. Ke2 b3 39. Bb2 g5 40. fxg5 Bxg5
41. Kf3 Ke7 42. g3 Kd7 43. Ra6 Be7 44. Ke4 Bd6 45. Kd3 Rh5 46. Rb6 Rxh2 47. Rxb3
Bxg3 1/2-1/2

[Event "Challenge"]
[Site "http://www.queenalice.com/game.php?id=687121"]
[Date "2009.11.22"]
[Round "-"]
[White "waldi"]
[Black "kratoshivil"]
[Result "1-0"]
[WhiteElo "1985"]
[BlackElo "2085"]

1. e4 d5 2. exd5 Qxd5 3. Nc3 Qa5 4. Nf3 Bg4 5. Be2 c6 6. O-O Nf6 7. h3 Bxf3 8.
Bxf3 e6 9. d3 Bd6 10. Ne4 Nxe4 11. Bxe4 Nd7 12. Bd2 Qe5 13. f4 Qxb2 14. Rb1 Qd4+
15. Kh1 Nb6 16. c3 Qf6 17. f5 Qh4 18. Qf3 1-0

[Event "Challenge"]
[Site "http://www.queenalice.com/game.php?id=697997"]
[Date "2009.12.14"]
[Round "-"]
[White "kratoshivil"]
[Black "KLEOJ"]
[Result "0-1"]
[WhiteElo "2065"]
[BlackElo "2139"]

1. b4 e5 2. Bb2 d6 3. e3 Nf6 4. c4 Be7 5. Nf3 O-O 6. Be2 a5 7. b5 c6 8. a4 Nbd7
9. O-O Nc5 10. d4 exd4 11. exd4 Nce4 12. d5 cxd5 13. cxd5 Bg4 14. Nc3 Rc8 15.
Rc1 Re8 16. h3 Bh5 17. g4 Bg6 18. Bd3 Qb6 19. Nh4 Nxc3 20. Rxc3 Rxc3 21. Bxc3
Nxd5 22. Nxg6 hxg6 23. Bb2 Nf4 24. Qf3 Bg5 25. Bc4 Qc5 26. Bd3 Qb4 27. Bc1 b6
28. Bxf4 Bxf4 0-1